La capacitación como iniciativa en el mercado: entre el lucro y la ética /

El artículo analiza el dilema entre lucro y ética en la capacitación en el mercado, destacando cómo las instituciones deben abordar cuestiones éticas mientras buscan ganancias. En el contexto de la educación de adultos, se exploran desafíos éticos relacionados con la calidad educativa, la responsabi...

Descrizione completa

Salvato in:
Dettagli Bibliografici
Autore principale: Ulloa, Luis Felipe
Natura: Libro
Lingua:Spanish
Soggetti:
Accesso online:texto completo desde el sitio de la revista
Tags: Aggiungi Tag
Nessun Tag, puoi essere il primo ad aggiungerne!!

MARC

LEADER 00000nam a22000007a 4500
003 cru CIDCACS/IIS
005 20230904093823.0
008 190131s1993 mx |||||r|||||||| ||spa|d
040 |c cru CIDCACS/IIS 
100 1 |9 8300  |a Ulloa, Luis Felipe 
245 1 3 |a La capacitación como iniciativa en el mercado:  |b entre el lucro y la ética /  |c Luis Felipe Ulloa 
300 |a páginas 65-76 
520 |a El artículo analiza el dilema entre lucro y ética en la capacitación en el mercado, destacando cómo las instituciones deben abordar cuestiones éticas mientras buscan ganancias. En el contexto de la educación de adultos, se exploran desafíos éticos relacionados con la calidad educativa, la responsabilidad social y la equidad en los programas de capacitación. El artículo enfatiza la necesidad de un enfoque equilibrado que promueva tanto resultados económicos como el bienestar integral de los individuos. RAR 08/2023 
650 0 |2 OCDE  |9 292  |a CAPACITACION 
650 0 |2 OCDE  |9 194  |a ETICA 
650 0 |2 OCDE  |9 2541  |a EDUCACION DE ADULTOS 
650 0 |2 UNESCO  |9 141  |a RESPONSABILIDAD SOCIAL 
650 0 |2 OCDE  |9 4826  |a CALIDAD DE LA EDUCACION 
773 0 |0 18745  |9 2638  |a OEA.  |d México OEA ; CREPAL  |o 16592  |t Revista Interamericana de Educación de Adultos/ 
856 |u http://www.crefal.edu.mx/rieda/images/rieda-1993-2/articulo5.pdf  |y texto completo desde el sitio de la revista 
942 |2 ddc  |c PP 
999 |c 42148  |d 42148